Television: Behind the Scenes! Quiz Stats

 Plays Quiz Updated Feb 27, 2017

Support Sporcle.
Go Orange.
Score 0/20 Timer 06:00
2 Plays Today
% Correct
Star Trek
99.2%
Friends
98.8%
SpongeBob SquarePants
98.1%
Batman
97.5%
Sesame Street
96.4%
Game of Thrones
89.3%
The Big Bang Theory
87.3%
Teletubbies
87.2%
The Walking Dead
84.5%
Seinfeld
83.2%
% Correct
Breaking Bad
82.7%
House of Cards
70.4%
Mad Men
69.8%
Buffy the Vampire Slayer
68.6%
Doctor Who
68%
All in the Family
63.1%
Survivor
59.2%
True Detective
48%
Supernatural
40.6%
Twin Peaks
14.6%

You're not logged in!

Compare scores with friends on all Sporcle quizzes.
OR
Log In
Forgot?

From the Vault

6-Letter 'M' World Capitals

by sproutcm

This seems to be a very popular naming convention for capital cities.
Remove Ads.
Support Sporcle.
Get the best of Sporcle when you Go Orange. This ad-free experience offers more features, more stats, and more fun while also helping to support Sporcle. Thank you for becoming a member.

Show Comments

Extras

Top Quizzes Today


Score Distribution

Your Account Isn't Verified!

In order to create a playlist on Sporcle, you need to verify the email address you used during registration. Go to your Sporcle Settings to finish the process.

Report this User

Report this user for behavior that violates our Community Guidelines.

Details: